Ткачи : (Record no. 535726)
[ view plain ]
| 000 -LEADER | |
|---|---|
| fixed length control field | 00965nam a2200229 a 4500 |
| 001 - CONTROL NUMBER | |
| control field | 2024547 |
| 003 - CONTROL NUMBER IDENTIFIER | |
| control field | AM-YEHGA |
| 005 - DATE AND TIME OF LATEST TRANSACTION | |
| control field | 20251008142704.0 |
| 008 - FIXED-LENGTH DATA ELEMENTS--GENERAL INFORMATION | |
| fixed length control field | 250708s1906 ru |||||||||||||||1|rus|d |
| 040 ## - CATALOGING SOURCE | |
| Original cataloging agency | AM-YEHGA |
| 041 0# - LANGUAGE CODE | |
| Language code of text/sound track or separate title | rus |
| 100 1# - MAIN ENTRY--PERSONAL NAME | |
| Personal name | Гауптман, Герхарт |
| 245 10 - TITLE STATEMENT | |
| Title | Ткачи : |
| Remainder of title | Драма из сороковых годов / |
| Statement of responsibility, etc. | Г. Гауптман ; перев. с немецк. Л. Гуревич ; редакция К. Бальмонта. |
| 260 ## - PUBLICATION, DISTRIBUTION, ETC. | |
| Place of publication, distribution, etc. | [Санкт-Петербург] : |
| Name of publisher, distributor, etc. | Изд. С. Скирмунта, |
| Date of publication, distribution, etc. | [1906]. |
| 300 ## - PHYSICAL DESCRIPTION | |
| Extent | 104 с. |
| 490 0# - SERIES STATEMENT | |
| Series statement | Дешевая б-ка издан. С. Скирмунта. Сер. беллетристич. |
| Volume/sequential designation | № 4 |
| 650 14 - SUBJECT ADDED ENTRY--TOPICAL TERM | |
| Topical term or geographic name entry element | Немецкая литература |
| 700 1# - ADDED ENTRY--PERSONAL NAME | |
| Personal name | Бальмонт, Константин Дмитриевич |
| Relator term | ред. |
| Relationship | edt |
| 700 1# - ADDED ENTRY--PERSONAL NAME | |
| Personal name | Гуревич, Л. |
| Relator term | пер. |
| Relationship | trl |
| 700 1# - ADDED ENTRY--PERSONAL NAME | |
| Personal name | Гуревич, Л. |
| Relator term | пер. |
| 942 ## - ADDED ENTRY ELEMENTS (KOHA) | |
| Source of classification or shelving scheme | Universal Decimal Classification |
| Koha item type | Գրքեր / Books |
| Withdrawn status | Lost status | Damaged status | Not for loan | Collection | Home library | Current library | Date acquired | Total checkouts | Full call number | Barcode | Date last seen | Price effective from | Koha item type | Public note |
|---|---|---|---|---|---|---|---|---|---|---|---|---|---|---|
| Kusikian Individual Collection | Fundamental Scientific Library | Fundamental Scientific Library | 08/07/2025 | Кус/2960 | FL0692959 | 08/07/2025 | 08/07/2025 | Գրքեր / Books | ILL Non-Circ |
ՀՀ Գիտությունների ազգային ակադեմիայի հիմնարար գիտական գրադարան = Fundamental Scientific Library of NAS RA
All site content, except where otherwise noted, is licensed under a